Southville International School and Colleges
Your cart is empty.
  • Cart
  • Lists
    Public lists Eva Luna New books Lux_list list_1
    Your lists Log in to create your own lists
  • Log in to your account
  • Your cookies
  • Search history
Southville International School and Colleges
  • Advanced search
  • Recent comments
  • Most popular
  • Libraries

Log in to your account

Log in with GOOGLE


If you do not have an external account, but do have a local account, you can still log in:

  1. Home
  2. MARC view: Spaceflight :
Normal view MARC view ISBD view

Spaceflight : (Record no. 110144)

[ view plain ]
MARC details
000 -LEADER
fixed length control field 00582nam a2200193 a 4500
001 - CONTROL NUMBER
control field 2530
005 - DATE AND TIME OF LATEST TRANSACTION
control field 20140414131850.0
008 - FIXED-LENGTH DATA ELEMENTS--GENERAL INFORMATION
fixed length control field 050602s19uu xx 00 eng d
020 ## - INTERNATIONAL STANDARD BOOK NUMBER
International Standard Book Number 0-86020-049-3
050 ## - LIBRARY OF CONGRESS CALL NUMBER
Classification number M 523
Item number G22 1976
100 ## - MAIN ENTRY--PERSONAL NAME
Personal name Gatland, Kenneth
245 ## - TITLE STATEMENT
Title Spaceflight :
Statement of responsibility, etc written by Kenneth Gatland.
Remainder of title The young scientist book of /
260 ## - PUBLICATION, DISTRIBUTION, ETC. (IMPRINT)
Place of publication, distribution, etc London :
Name of publisher, distributor, etc USborne Publishing,
Date of publication, distribution, etc 1976.
300 ## - PHYSICAL DESCRIPTION
Extent 32 p. : ill. ; cm.
440 ## - SERIES STATEMENT/ADDED ENTRY--TITLE
Title Young Scientist Book
650 ## - SUBJECT ADDED ENTRY--TOPICAL TERM
Topical term or geographic name as entry element Space
General subdivision Juvenile literature.
650 ## - SUBJECT ADDED ENTRY--TOPICAL TERM
Topical term or geographic name as entry element Experiments
General subdivision Juvenile literature.
Holdings
Withdrawn status Lost status Damaged status Use restrictions Home library Current library Shelving location Date acquired Source of acquisition Total Checkouts Full call number Barcode Date last seen Price effective from Koha item type
        Munich Library Munich Library Main Section 06/02/2005     M 523 G22 1976 M0443 04/14/2014 04/14/2014 Books

Spaceflight :

APA

Gatland K., . (1976). Spaceflight. London: USborne Publishing.

Chicago

Gatland Kenneth, . 1976. Spaceflight. London: USborne Publishing.

Harvard

Gatland K., . (1976). Spaceflight. London: USborne Publishing.

MLA

Gatland Kenneth, . Spaceflight. London: USborne Publishing. 1976.

  • Place hold
  • Print
  • Cite
  • Add to your cart (remove)
  • Save record
    BIBTEX Dublin Core MARCXML MARC (non-Unicode/MARC-8) MARC (Unicode/UTF-8) MARC (Unicode/UTF-8, Standard) MODS (XML) RIS
  • More searches
    Search for this title in:
    Other Libraries (WorldCat) Other Databases (Google Scholar) Online Stores (Bookfinder.com) Open Library (openlibrary.org)

Exporting to Dublin Core...

SOUTHVILLE LIBRARY

Southville International School and Colleges Library

1281 Tropical Ave. Cor. Luxembourg St., BF Homes International, Las Pinas City

Tel. No. 8256374 / 252358 Loc. 117/146

Powered by Koha